Taylor Swift - my tears ricochet Lyrics - Statistics

General Stats
  • This quiz has been taken 305 times
  • The average score is 280 of 310
Answer Stats
Answer % Correct
a
98%
hear
98%
I
98%
in
98%
me?
98%
me
98%
my
98%
ricochet
98%
tears
98%
to
98%
you
98%
You
98%
and
97%
And
97%
the
97%
We
97%
we
97%
at
96%
go
96%
your
96%
i'm
95%
it
95%
just
95%
want
95%
when
95%
why
95%
can
94%
how
94%
Look
94%
on
94%
anywhere
93%
Anywhere
93%
did
93%
grace
93%
home
93%
if
93%
myself
93%
not
93%
with
93%
are
92%
Cursing
92%
cursing
92%
have
92%
name
92%
stayed
92%
still
92%
all
91%
But
91%
but
91%
didn't
91%
wishing
91%
dead
90%
wake?
90%
as
89%
be
89%
'Cause
89%
day
89%
gave
89%
night
89%
same
89%
talk
89%
too
89%
what
89%
worst
89%
you're
89%
can't
88%
miss
88%
of
88%
sleep
88%
so
88%
deserve
87%
Even
87%
here
87%
loved
87%
wake
87%
babe
86%
know
86%
was
86%
blood
85%
fire
85%
kill
85%
that
85%
wear
85%
ashes
84%
for
84%
gather
84%
made
84%
screaming
84%
'til
84%
hell
83%
killed
83%
never
83%
up
83%
you'll
83%
had
82%
hero
82%
stolen
82%
bones
81%
dying
81%
saving
81%
Some
81%
some
81%
swear
81%
tell
81%
this
81%
will
81%
face
80%
fears
80%
heart
80%
make
80%
sky
80%
would
80%
i'd
79%
brave
78%
ring
78%
used
77%
diamond
76%
fight
76%
ghostly
76%
haunt
76%
knowing
76%
room
76%
around
75%
beneath
75%
bury
75%
into
75%
line
75%
lullabies
75%
mean
75%
out
75%
scene
75%
stones
75%
they'll
75%
jewels
74%
sink
74%
throw
74%
turned
74%
waves
74%
drunk
73%
battleships
72%
flying
72%
aim
68%
sunlit
68%
pain
67%
good
65%
tossing
65%
years
63%
blame
62%
weepin'
58%
Crossing
41%
No matching quizzes found
Score Distribution
Percent of People with Each Score
Percentile by Number Answered
Your Score History
You have not taken this quiz